000 01195nam a2200325 a 4500
001 000111366
003 CHAP
005 20220329144208.0
008 150330s2015 mx a sm |||||||spa d
010 _a107828
011 _a108800
040 _cCHAP
090 _aTesis
100 1 _aLópez Dehesa, Ivonne Leticia
_9129219
245 1 0 _aCaracterización y calidad del agua de la presa hidroeléctrica Necaxa como un elemento de monitoreo de la salud de la cuena
_h[En línea]
_cpor Ivonne Leticia López Dehesa.
260 _aChapingo, Méx. :
_bEl autor,
_c2015.
500 _aPara ver el contenido del material haga clic en la liga
502 _aTesis (Ing. en Reursos Naturales Renovables) -- UACH. Departamento de Suelos
590 _aE5652GLJ
_b05
_c20150330
_lUCH01
_h1443
590 _aE5652GLJ
_b05
_c20150330
_lUCH01
_h1444
590 _aE5652GLJ
_b05
_c20150331
_lUCH01
_h1347
590 _aE5652GLJ
_b05
_c20150414
_lUCH01
_h0957
650 1 4 _aAgua
_xAnálisis.
_92280
650 1 4 _aAgua
_xCalidad.
_92316
650 1 4 _aAgua
_xContaminación.
_92351
856 _aFinding aid
_uhttp://10.13.5.2/tesis/sist111366.pdf
_zTeclea aquí
901 _aBK
942 _cTESIS
942 _n0
999 _c107828
_d107828